Implementácia fraktálneho prístupu pri vizualizácii zemského povrchu z rastrových dát

Salvato in:
Dettagli Bibliografici
Autore principale: Lajčin, Michal (Autore)
Altri autori: Ič, Tomáš (Relatore della tesi)
Natura: Manoscritto Libro
Lingua:slovacco
Pubblicazione: 2024
Soggetti:
Accesso online:http://is.stuba.sk/zp/portal_zp.pl?podrobnosti=161649
https://opac.crzp.sk/?fn=detailBiblioForm&sid=F0082B7A009D1614B1C318B883AC
Tags: Aggiungi Tag
Nessun Tag, puoi essere il primo ad aggiungerne!!

MARC

LEADER 00000ntm a22000003a 4500
001 stuzp93432
003 SK-STU
005 20240924140702.8
007 ta
008 150427s2015----xo-----f-mn---000-0-slo-d
040 |a STU  |b slo 
041 0 |a slo 
100 1 |a Lajčin, Michal  |u 010130  |4 aut  |U SvF Stavebná fakulta  |T SvF Katedra globálnej geodézie a geoinformatiky  |X 109929  |U V130  |Y 13  |7 109929 
242 0 1 |a Fractal approach implementation to earth surface visualization from grid data  |y eng 
245 1 0 |a Implementácia fraktálneho prístupu pri vizualizácii zemského povrchu z rastrových dát 
260 |c 2024 
650 4 |a fraktálna geometria  |2 slo 
650 4 |a (GIS)  |2 slo 
650 4 |a fraktálna interpolácia  |2 slo 
650 4 |a fraktálna dimenzia  |2 slo 
650 4 |a (DMR)  |2 slo 
650 4 |a fractal interpolation  |2 eng 
650 4 |a fractal geometry  |2 eng 
650 4 |a fractal dimension  |2 eng 
650 4 |a (DTM)  |2 eng 
650 4 |a (GIS)  |2 eng 
700 1 |a Ič, Tomáš  |u 010130  |k Z3  |4 ths  |U SvF Stavebná fakulta  |T SvF Katedra globálnej geodézie a geoinformatiky  |X 75831  |U V130  |Y 13  |7 75831 
856 4 |u http://is.stuba.sk/zp/portal_zp.pl?podrobnosti=161649 
856 4 |u https://opac.crzp.sk/?fn=detailBiblioForm&sid=F0082B7A009D1614B1C318B883AC